Resum de les lliçons donades en la Secció de Patología Agrícola / (Record no. 127729)

MARC details
000 -LEADER
campo de control de longitud fija 00488nam a2200169 4500
001 - NÚMERO DE CONTROL
campo de control 127729
003 - IDENTIFICADOR DE NÚMERO DE CONTROL
campo de control ES-MaACL
005 - FECHA Y HORA DE LA ÚLTIMA TRANSACCIÓN
campo de control 20230906193055.0
007 - CAMPO FIJO DE DESCRIPCIÓN FÍSICA--INFORMACIÓN GENERAL
campo de control de longitud fija t|
008 - DATOS DE LONGITUD FIJA--INFORMACIÓN GENERAL
campo de control de longitud fija 070214s1920 sp r ||||1| cat d
100 1# - ENTRADA PRINCIPAL--NOMBRE DE PERSONA
Nombre de persona Riva Ferré, Juan.
9 (RLIN) 97532
245 10 - MENCIÓN DEL TÍTULO
Título Resum de les lliçons donades en la Secció de Patología Agrícola /
Mención de responsabilidad, etc. Juan Riva Ferré ; L'Oliver.
260 ## - PUBLICACIÓN, DISTRIBUCIÓN, ETC.
Lugar de publicación, distribución, etc. Barcelona :
Nombre del editor, distribuidor, etc. Altés,
Fecha de publicación, distribución, etc. 1920.
300 ## - DESCRIPCIÓN FÍSICA
Extensión 98 p.
700 1# - ENTRADA AGREGADA--NOMBRE PERSONAL
Nombre de persona L'Oliver.
9 (RLIN) 69123
852 ## - LOCALIZACIÓN
Ubicación ES-MaACL
Número de control de estantería 1651-F-8
Holdings
Estatus retirado Estado de pérdida Estado de daño No para préstamo Colección Biblioteca de origen Biblioteca actual Ubicación en estantería Fecha de adquisición Fuente de adquisición Total de préstamos Signatura topográfica completa Código de barras Visto por última vez Precio de reemplazo Tipo de ítem Koha
        Colección de folletos Biblioteca del Ateneo de Madrid Biblioteca del Ateneo de Madrid Depósito folletos 17/01/2008     1651-F-8 1133037 23/02/2023 23/02/2023 Folleto